De la salvación a un proyecto de sentido: por una cristología actual

Saved in:
Bibliographic Details
Main Author: Estrada, Juan Antonio (Author)
Format: Book
Language:Spanish
Published: Bilbao Desclée de Brouwer 2013
Edition:1a. ed
Series:Biblioteca Manual Desclée, 71
Subjects:
Tags: Add Tag
No Tags, Be the first to tag this record!

MARC

LEADER 00000cam a2200000 a 4500
001 UCC0127
003 CL-VaPUC
008 170721e20130000sp |||||||||||||||||spa|d
020 |a 9788433026156 
082 0 4 |a 232  |b EST  |2 21 
100 0 |a Estrada, Juan Antonio  |e author  |9 594048 
245 1 0 |a De la salvación a un proyecto de sentido: por una cristología actual 
250 |a 1a. ed 
300 |a 407 p 
942 |c BK 
945 |d 20170721 23:47:00  |a dcastane 
260 |a Bilbao  |b Desclée de Brouwer  |c 2013 
650 0 |a Cristología   |9 315091 
583 |a last modification  |c 20170721 23:47:00  |k Rodrigo Vera 
490 0 |a Biblioteca Manual Desclée, 71 
999 |c 369071  |d 369069 
952 |0 0  |1 0  |3 erd  |4 0  |6 232_000000000000000_EST_2013  |7 0  |8 A  |9 484617  |a BIBTEO  |b BIBTEO  |i 5410320  |l 2  |m 5  |o 232 EST 2013  |p 5410320  |q 2024-07-31  |r 2021-12-02  |s 2021-12-02  |w 2019-11-24  |y BK  |z Catalogado en:20170721  |k ICR